000 00768cam a2200205 4500
001 WB3632-28
008 000000n2000 000 0 eng u
035 _a(Sirsi) u107785
245 _aEstate agent guilty of deception
260 _c2000
490 _aDaily Telegraph
_v12 August 2000, B.3(2)
520 _aA joint partner at Jackson's independent Estate Agents has been sentenced to 120 hours of community service, after pleading guilty to attempted deception. Mr Caffrey had withheld information from the Grays that a second higher offer had been made on their Balham property.
590 _aWB
650 _aESTATE AGENTS
650 _aSUB SALE
650 _aFRAUD
650 _aPROPERTY SALES
690 _aPROPERTY AND LAND LAW-AGENCY
942 _n0
999 _c64381
_d64381